Did They Play For Manchester United? - Statistics

General Stats
  • This quiz has been taken 203 times
  • The average score is 13 of 15
Answer Stats
Question Answer % Correct
Edinson Cavani Yes
99%
Alvaro Morata No
96%
Nathan Ake No
95%
Alexandre Lacazette No
94%
Idrissa Gueye No
93%
Memphis Depay Yes
93%
Axel Witsel No
91%
Alex Sandro No
85%
Axel Tuanzebe Yes
84%
Wilfried Zaha Yes
84%
Salomon Rondon No
83%
Morgan Schneiderlin Yes
81%
Sergio Romero Yes
77%
Les Ferdinand No
71%
Teden Mengi Yes
54%
No matching quizzes found
Score Distribution
Percent of People with Each Score
Percentile by Number Answered
Your Score History
You have not taken this quiz